Jiří Mikeš: Česká republika je bez brandu
Problematika propagácie Českej republiky v zahraničí. Potreba zdôrazňovania národného koloritu a tradícií. Návrat k tradíciám aj v kuchyni - ponuka špecialít a atrakcií. Absentujúca jednotná komunikačná stratégia. Absentujúci slogan a logo krajiny.
Uložené v:
| Hlavný autor: | |
|---|---|
| Médium: | Kapitola |
| Jazyk: | Czech |
| Predmet: | |
| Tagy: |
Žiadne tagy, Buďte prvý, kto otaguje tento záznam!
|
MARC
| LEADER | 00000naa$a2200000$$$4500 | ||
|---|---|---|---|
| 001 | 0112860 | ||
| 005 | 20231018131613.0 | ||
| 041 | 0 | |a cze | |
| 044 | |a CZ | ||
| 245 | 1 | 0 | |a Jiří Mikeš: Česká republika je bez brandu |c Jiří Mikeš |
| 520 | |a Problematika propagácie Českej republiky v zahraničí. Potreba zdôrazňovania národného koloritu a tradícií. Návrat k tradíciám aj v kuchyni - ponuka špecialít a atrakcií. Absentujúca jednotná komunikačná stratégia. Absentujúci slogan a logo krajiny. | ||
| 610 | 2 | 0 | |a marketing |
| 610 | 2 | 0 | |a komunikácia marketingová |
| 610 | 2 | 0 | |a propagácia |
| 610 | 2 | 0 | |a štát |
| 610 | 2 | 0 | |a logo |
| 610 | 2 | 0 | |a ruch cestovný |
| 610 | 2 | 0 | |a Česko |
| 100 | 1 | |a Mikeš, Jiří | |